000 01288nam1a22003131 4500
001 v19\rc\1965819
005 20090507183717.7
035 _a(NLR Aleph) 005271752
090 _a6006967
_c6006967
100 _a20080428d1914 |||y0rusy50 ca
101 1 _arus
_ceng
102 _aRU
105 _ay z |||||
200 1 _aНовая школа рисования
_fПроф. Ж. Аугсбург
_gС англ. пер. Н.И. Живаго
205 _a4-е изд. Кн. 1-
210 _aМосква
_cтипо-лит. т-ва И.Н. Кушнерев и К°
_d1914
215 _d21
225 1 _aБиблиотека нового воспитания
_fПод ред. И. Горбунова-Посадова
700 1 _6z01790
_aАугсбург де Реско
_bЛ.
_f1859-
_gЛео
_3RU\NLR\AUTH\7776655
_7ca
702 1 _aЖиваго
_bН. И.
_f1875-
_gНадежда Ивановна
_3RU\NLR\AUTH\7775468
_4730
_7ca
790 1 _6z01700
_aРеско
_bЛ. А. де
_f1859-
_gЛео Аугсбург де
790 1 _6z01700
_aАугсбург
_bЖ.
_f1859-
801 0 _aRU
_bNLR
_c20080428
_gpsbo
801 0 _aRU
_bRuMoRGB
_c20080428
_2psbo
801 1 _aRU
_bProSoft-M
_c20080428
_2rusmarc
801 2 _aRU
_bNLR
_c20090506
_2rusmarc
852 _aNLR
_j37.71.3.12
942 _cBOOK
980 _aNB